Samoočistenie vo verejnom obstarávaní

Inštitút samoočistenia umožňuje hospodárskemu subjektu obnoviť prostredníctvom nápravných opatrení svoju spôsobilosť zúčastniť sa verejného obstarávania v súvislosti so svojimi skoršími pochybeniami, ktoré by inak zakladali dôvody na jeho vylúčenie.

Gespeichert in:
Bibliographische Detailangaben
1. Verfasser: Tazberík, Ján Miloslav
Format: Buchkapitel
Sprache:Slowakisch
Schlagworte:
Tags: Tag hinzufügen
Keine Tags, Fügen Sie das erste Tag hinzu!

MARC

LEADER 00000naa a2200000 4500
001 0307948
005 20250402083742.0
041 0 |a slo 
044 |a SK 
245 1 0 |a Samoočistenie vo verejnom obstarávaní  |c Ján Miloslav Tazberík 
520 |a Inštitút samoočistenia umožňuje hospodárskemu subjektu obnoviť prostredníctvom nápravných opatrení svoju spôsobilosť zúčastniť sa verejného obstarávania v súvislosti so svojimi skoršími pochybeniami, ktoré by inak zakladali dôvody na jeho vylúčenie. 
610 2 0 |a subjekt 
610 2 0 |a obstarávanie 
610 2 0 |a obstarávanie verejné 
610 2 0 |a právo 
610 2 0 |a legislatíva 
100 1 |a Tazberík, Ján Miloslav